La vanguardia permanente. La posibilidad de lo nuevo en la narrativa Argentina

Сохранить в:
Библиографические подробности
Главный автор: Kohan, Martín (autor)
Формат: Неизвестно
Язык:английский
Опубликовано: Ciudad Autónoma de Buenos Aires, Argentina: Paidós, 2021
Редактирование:1ª edición
Метки: Добавить метку
Нет меток, Требуется 1-ая метка записи!

MARC

LEADER 00000 a2200000 4500
003 CL-VaPUC
005 20220616104416.0
008 220524b2021 ||||| |||| 00| 0 eng d
999 |c 435562  |d 435560 
020 |a 978-950-12-9942-7 
040 |c Pontificia Universidad Católica de Valparaíso 
100 |a Kohan, Martín  |9 869036  |e autor 
245 |a La vanguardia permanente.  |b La posibilidad de lo nuevo en la narrativa Argentina 
250 |a 1ª edición 
260 |a Ciudad Autónoma de Buenos Aires, Argentina:  |b Paidós,  |c 2021 
300 |a 230 páginas 
583 |k Catalogador Asistente  |c 20220524 
942 |2 ddc  |c BK 
952 |0 0  |1 0  |2 ddc  |4 0  |6 AR_864_000000000000000_KOH_2021  |7 0  |8 A  |9 583223  |a BIBART  |b BIBART  |c GEN  |d 2022-05-24  |e 159  |g 15900.00  |i 5651402  |o Ar864 KOH 2021  |p 5651402  |r 2025-03-13  |t 1  |v 15900.00  |w 2022-05-24  |y BK  |k ART